| 000 | 00414cam a2200181ua 4500 | ||
|---|---|---|---|
| 020 | _c3.05 | ||
| 041 |
_ahin _h |
||
| 082 |
_a891.54 _bKAM/DA |
||
| 100 | _aKamaleshwar, . | ||
| 245 |
_aDak bangla / _cKamaleshwar. _hTextual Documents |
||
| 250 |
_a1 / _b. |
||
| 260 |
_aDelhi : _bRajkamal Prakash , _c1961. |
||
| 300 | _a124 ; . | ||
| 365 | _a3.05 | ||
| 504 | _a | ||
| 942 | _cBK | ||
| 999 |
_c8291 _d8291 |
||